Ministerpräsidenten Niedersachsens - Statistiken

Allgemein
  • Dieses Quiz wurde 41 mal gespielt
  • Das Durchschnittsergebnis liegt bei 4 aus 12
Antwortstatistiken
Jahre Partei Antwort % Korrekt
seit 2013 SPD Stephan Weil
89%
1990-1998 SPD Gerhard Schröder
81%
2003-2010 CDU Christian Wulff
64%
2010-2013 CDU David McAllister
61%
1976-1990 CDU Ernst Albrecht
53%
1999-2003 SPD Sigmar Gabriel
44%
1998-1999 SPD Gerhard Glogowski
8%
1946-1955 SPD Heinrich Wilhelm Kopf
8%
1959-1961 SPD Heinrich Wilhelm Kopf
8%
1970-1976 SPD Alfred Kubel
6%
1961-1970 SPD Georg Diederichs
6%
1955-1959 DP Heinrich Hellwege
6%
Keine übereinstimmenden Quizze gefunden
Verteilung der Resultate
Anzahl Personen mit jedem Resultat
Perzentil nach korrekt beantworteten Fragen
Ihre Resultats-Entwicklung
Sie haben dieses Quiz noch nicht gespielt